000 00310 a2200109 4500
001 ART_11313
005 20260410161856.0
008 260409a
245 1 0 _a¿Es estable una sociedad libre?
100 1 _aFriedman, Milton
773 0 _tRevista de Economía
_g- Nº 32 (mar. 1982)
_wREV11077
999 _c25456
_d25456